Movies Quiz

Random Movies or Year Quiz
Score 0/40 Timer 08:00
2 Plays Today
% Correct
Minions
93.8%
Star Wars
The Force Awakens
91.9%
Ted 2
91%
The Peanuts Movie
78.2%
The Martian
76.8%
Terminator Genisys
72.4%
The Revenant
72.1%
Ant-Man
71.5%
Magic Mike XXL
69.2%
The Intern
63.6%
Straight Outta Compton
58.6%
Trainwreck
53%
Tomorrowland
52.8%
Hotel Transylvania 2
52.5%
Kingsman
The Secret Service
51%
The Good Dinosaur
49.1%
Home
45.8%
Mission: Impossible
Rogue Nation
45.6%
Sisters
45.1%
Joy
43.8%
% Correct
Inside Out
42%
San Andreas
40.8%
The Big Short
40.2%
Everest
38.5%
Pixels
37.4%
Spotlight
35.2%
The Danish Girl
34.2%
The Man from U.N.C.L.E.
31.7%
Sicario
30.7%
Bridge of Spies
30.3%
Black Mass
29.1%
Chappie
28.5%
The Walk
28.1%
The Hateful Eight
25%
Southpaw
23%
Trumbo
22.5%
Mr. Holmes
18.3%
Jurassic World
17.7%
Crimson Peak
11.1%
The Second Best
Exotic Marigold Hotel
10.1%
Remove Ads.
Support Sporcle.
Get the best of Sporcle when you Go Orange. This ad-free experience offers more features, more stats, and more fun while also helping to support Sporcle. Thank you for becoming a member.

You're not logged in!

Compare scores with friends on all Sporcle quizzes.
OR
Log In

Sporcle TV

Today on Sporcle TV


Watch our educational content, quiz creation guides, and fun videos on Sporcle TV.

Show Comments

Extras

Top Quizzes Today


Score Distribution

Paid Content

Your Account Isn't Verified!

In order to create a playlist on Sporcle, you need to verify the email address you used during registration. Go to your Sporcle Settings to finish the process.

Report this User

Report this user for behavior that violates our Community Guidelines.

Details: